00802 a2200193 45000010006000000050017000060080041000230030015000640400040000790800033001192450059001520200022002112500012002332640036002453000019002815050276003000410008005761000024005842497020260407155532.0260407a1987 arg spa dAR-UNSa-BCEJYS aAR-UNSa-BCEJYSbspacAR-UNSa-BCEJYS a517.5xTeoría de funciones10aIntroducción al análisis matemáticopCálculo 1 a978-950-02-5237-9 a10a. ed 1aBuenos Aires :bEl Ateneoc1987 a399 p.c23 cm. a1. Nociones Previas - 2. Conjuntos de puntos - 3. Funciones escalares - 4. Límite funcional - 5. Continuidad - 6. Derivada - 7. Máximos y mínimos - 8. Fórmulas de Taylor - 9. Sucesiones numéricas - 10. Series numéricas - 11. Primitivas - 12.Integral definida. aspa1 aRabuffetti, Hebe T.